000 00536nam a22001697a 4500
003 OSt
005 20260122103542.0
008 260122b |||||||| |||| 00| 0 eng d
040 _cMRSPTU
041 _aEnglish
100 _aMadhur Thakral, Supervisor: Dr. Shaveta Rani
245 _aDetection and Prevention of SQL Injection Attacks Using Hybrid Approach
260 _bDepartment of CSE, MRSPTU, Bathinda
_c2019
650 _aComputer Science
856 _uhttp://163.47.215.52:8080/jspui/handle/123456789/308
942 _2ddc
_cTH
_n0
999 _c10719
_d10719